Small city school systems 1930-1932, (Record no. 21328)

MARC details
000 -LEADER
fixed length control field 01061cam a22002291 4500
001 - CONTROL NUMBER
control field e 33001131
003 - CONTROL NUMBER IDENTIFIER
control field DLC
005 - DATE AND TIME OF LATEST TRANSACTION
control field 20260227111223.0
008 - FIXED-LENGTH DATA ELEMENTS--GENERAL INFORMATION
fixed length control field 860409s1933 dcua s f000 0 eng c
010 ## - LIBRARY OF CONGRESS CONTROL NUMBER
LC control number e 33001131
035 ## - SYSTEM CONTROL NUMBER
System control number (OCoLC)13409324
040 ## - CATALOGING SOURCE
Original cataloging agency Library, U.S. Office of Education
Transcribing agency NhD
Modifying agency DLC
042 ## - AUTHENTICATION CODE
Authentication code premarc
050 00 - LIBRARY OF CONGRESS CALL NUMBER
Classification number L111
Item number .A75 no. 46
100 1# - MAIN ENTRY--PERSONAL NAME
Personal name Herlihy, Lester Barry,
Dates associated with a name 1891-
245 00 - TITLE STATEMENT
Title Small city school systems 1930-1932,
Remainder of title comparative data ...
Statement of responsibility, etc. By Lester B. Herlihy, Assistant Statistician, Office of Education. United States Department of the Interior. Harold L. Ickes, Secretary. Office of Education. George F. Zook, Commissioner.
260 ## - PUBLICATION, DISTRIBUTION, ETC.
Place of publication, distribution, etc. Washington,
Name of publisher, distributor, etc. U.S. Govt. Print. Off.,
Date of publication, distribution, etc. 1933.
300 ## - PHYSICAL DESCRIPTION
Extent 1 p. l., 14 p.
Other physical details tables.
Dimensions 23 cm.
490 0# - SERIES STATEMENT
Series statement United States. Office of Education. Pamphlet
Volume/sequential designation no. 46
501 ## - WITH NOTE
With note With: Week-day religious instruction / Mary Dabney Davis. Washington : U.S. Govt. Print. Off.,1933. Bound together subsequent to publication.
Institution to which field applies DLC
650 #0 - SUBJECT ADDED ENTRY--TOPICAL TERM
Topical term or geographic name entry element Education
Geographic subdivision United States
Form subdivision Statistics.

No items available.

Powered by Koha